Pricing policy models (Record no. 16088)

000 -LEADER
fixed length control field 00460pab a2200169 454500
008 - FIXED-LENGTH DATA ELEMENTS--GENERAL INFORMATION
fixed length control field 180718b1984 xxu||||| |||| 00| 0 eng d
100 ## - MAIN ENTRY--PERSONAL NAME
Personal name Chapman, C.B.
245 ## - TITLE STATEMENT
Title Pricing policy models
Remainder of title A case study inpractical O.R. (Operational Research)
260 ## - PUBLICATION, DISTRIBUTION, ETC.
Date of publication, distribution, etc. 1984
300 ## - PHYSICAL DESCRIPTION
Extent 597-603
362 ## - DATES OF PUBLICATION AND/OR SEQUENTIAL DESIGNATION
Dates of publication and/or sequential designation July
650 ## - SUBJECT ADDED ENTRY--TOPICAL TERM
Topical term or geographic name entry element Price Policy
700 ## - ADDED ENTRY--PERSONAL NAME
Personal name S.C. Sud
700 ## - ADDED ENTRY--PERSONAL NAME
Personal name C.J. Hawkins
773 ## - HOST ITEM ENTRY
Main entry heading Journal of the Operational Research Society
909 ## -
-- 16088
Holdings
Withdrawn status Lost status Damaged status Not for loan Permanent Location Current Location Date acquired Serial Enumeration / chronology Barcode Date last seen Price effective from Koha item type
        Indian Institute of Public Administration Indian Institute of Public Administration 2018-07-19 Volume no: 35, Issue no: 7 AR16145 2018-07-19 2018-07-19 Articles

Powered by Koha